Social participation in Urban Neighbourhoods (Record no. 409875)

000 -LEADER
fixed length control field 00438cam a22001457a 4500
008 - FIXED-LENGTH DATA ELEMENTS--GENERAL INFORMATION
fixed length control field 180718b1977 xxu||||| |||| 00| 0 eng d
082 ## - DEWEY DECIMAL CLASSIFICATION NUMBER
Classification number J72x54 SU15
100 ## - MAIN ENTRY--PERSONAL NAME
Personal name Subhash Chandra
245 ## - TITLE STATEMENT
Title Social participation in Urban Neighbourhoods
Statement of responsibility, etc. by Subhash Chandra
260 ## - PUBLICATION, DISTRIBUTION, ETC.
Place of publication, distribution, etc. New Delhi
Name of publisher, distributor, etc. National
Date of publication, distribution, etc. 1977
300 ## - PHYSICAL DESCRIPTION
Extent xvii, 233p
650 ## - SUBJECT ADDED ENTRY--TOPICAL TERM
Topical term or geographic name entry element Social participation.
650 ## - SUBJECT ADDED ENTRY--TOPICAL TERM
Topical term or geographic name entry element Rural-urban migration -India
650 ## - SUBJECT ADDED ENTRY--TOPICAL TERM
Topical term or geographic name entry element Urbanization -India
Holdings
Withdrawn status Lost status Damaged status Not for loan Permanent Location Current Location Date acquired Full call number Barcode Date last seen Price effective from Koha item type
        Indian Institute of Public Administration Indian Institute of Public Administration 2009-01-12 J72x54 SU15 DA4868 2018-07-21 2018-07-21 DA

Powered by Koha